000 00494nam a2200181Ia 4500
005 20250326125118.0
008 250326s9999 xx 000 0 und d
037 _aTextbook
040 _aFMSL
_beng
_cFMSL
041 _aeng
_2eng
084 _aX:91 L71
_qFMSL
100 _aBostwick B E
_9127361
245 0 _aFinding the job you,ve always wanted
_cBostwick B E
260 _aNY
_bNY, John Wiley
_c1977
300 _a243p
942 _cTB
_hX:91 L71
999 _c1276595
_d1276595